000 00720nam a2200217 a 4500
005 20240614063726.0
008 190211s2015 mx r 000 0 spa d
020 _a9786074027662
035 _aUPN01000229005
049 _aCG
050 4 _aPE1128
_bS6.3
100 1 _aSolovieva, Yulia
_933804
245 1 0 _aEstrategias introductorias de la lectoescritura en el idioma inglés /
_cYulia Solovieva.
260 _aMéxico :
_bBenemérita Universidad Autónoma de Puebla :
_bPlaza y Valdés,
_c2015.
300 _a139 p. :
_bil., tablas
650 4 _aInglés
_xEstudio y enseñanza
_918
650 4 _aMétodos de estudio
_94280
650 4 _aAdquisición de segundo lenguaje
_9215
905 _aLibro
999 _c201100
_d201100